000 00734nam a2200265Ia 4500
003 OSt
005 20220927110304.0
006 a|||||r|||| 00| 0
007 ta
008 220926b |||||||| |||| 00| 0 eng d
020 _a9211126134
024 _a65847
037 _cReference Collections
040 _aRTL
_cRTL
_beng
041 _2eng
_aeng
082 _a"X655, P4"
111 _aUnited Nations Conference on Trade and Development
245 0 _aIncentives
260 _aNew
_bYork United Nations U. S. A.
_c2004
300 _a100p.
_ccm.
490 _aIssues in International Investment Agreements
650 _aForeign Investment
942 _h"X655, P4"
_cCC
999 _c695520
_d695520